How Policies Affect International Biofuel Price Linkages

Odhad, ktorá krajina je lídrom na trhu s biopalivami na svetových trhoch pomocou analýzy kointegrácie a modelu VEC (Vector Error Correction).

Salvato in:
Dettagli Bibliografici
Autore principale: Rajcaniová, Miroslava
Altri autori: Drábik, Dušan, Ciaian, Pavel
Natura: Capitolo di libro
Lingua:inglese
Soggetti:
Tags: Aggiungi Tag
Nessun Tag, puoi essere il primo ad aggiungerne!!

MARC

LEADER 00000nla a2200000 4500
001 0242621
005 20221007085910.1
041 0 |a eng 
044 |a GB 
245 1 0 |a How Policies Affect International Biofuel Price Linkages  |c Miroslava Rajcaniová, Dušan Drábik, Pavel Ciaian 
520 |a Odhad, ktorá krajina je lídrom na trhu s biopalivami na svetových trhoch pomocou analýzy kointegrácie a modelu VEC (Vector Error Correction). 
610 2 0 |a rast hospodársky 
610 2 0 |a biopalivá 
610 2 0 |a palivá 
610 2 0 |a modely 
610 2 0 |a trh svetový 
610 2 0 |a prognózy 
610 2 0 |a prognózy dlhodobé 
610 2 0 |a prognózy krátkodobé 
610 2 0 |a zvyšovanie cien 
100 1 |a Rajcaniová, Miroslava 
700 1 |a Drábik, Dušan 
700 1 |a Ciaian, Pavel